<?xml version="1.0" encoding="UTF-8"?><?xml-stylesheet type="text/xsl" href="static/style.xsl"?><OAI-PMH xmlns="http://www.openarchives.org/OAI/2.0/" xmlns:xsi="http://www.w3.org/2001/XMLSchema-instance" xsi:schemaLocation="http://www.openarchives.org/OAI/2.0/ http://www.openarchives.org/OAI/2.0/OAI-PMH.xsd"><responseDate>2026-04-13T02:47:58Z</responseDate><request verb="GetRecord" identifier="oai:www.recercat.cat:2117/384396" metadataPrefix="marc">https://recercat.cat/oai/request</request><GetRecord><record><header><identifier>oai:recercat.cat:2117/384396</identifier><datestamp>2025-07-23T04:52:16Z</datestamp><setSpec>com_2072_1033</setSpec><setSpec>col_2072_452951</setSpec></header><metadata><record xmlns="http://www.loc.gov/MARC21/slim" xmlns:dcterms="http://purl.org/dc/terms/" xmlns:xsi="http://www.w3.org/2001/XMLSchema-instance" xmlns:doc="http://www.lyncode.com/xoai" xsi:schemaLocation="http://www.loc.gov/MARC21/slim http://www.loc.gov/standards/marcxml/schema/MARC21slim.xsd">
   <leader>00925njm 22002777a 4500</leader>
   <datafield ind2=" " ind1=" " tag="042">
      <subfield code="a">dc</subfield>
   </datafield>
   <datafield ind2=" " ind1=" " tag="720">
      <subfield code="a">Barba Amores, Albert</subfield>
      <subfield code="e">author</subfield>
   </datafield>
   <datafield ind2=" " ind1=" " tag="260">
      <subfield code="c">2023-02-02</subfield>
   </datafield>
   <datafield ind2=" " ind1=" " tag="520">
      <subfield code="a">El present projecte descriu el desenvolupament i disseny de les instal·lacions d’una nau industrial dedicada al sector de les vàlvules de seguretat industrials. En aquest document s’exposa en primera instancia les necessitats del projecte, és desenvolupen els càlculs per al dimensionament de cada instal·lació, seleccionant els equips i màquines de producció. Conseqüentment, és presenta un anàlisi d’alternatives i s’argumenten els avantatges i inconvenients de cada plantejament per finalment, desenvolupar les conclusions. El projecte engloba els següents documents: memòria descriptiva, annex de càlcul, plec de condicions, pressupost i plànols, entre ells, esquemes de principi i plànols descriptius de les instal·lacions. Les metodologies de càlcul emprades en el projecte son totes aquelles estudiades durant el màster industrial, seguint la normativa actual de cada actuació. Les instal·lacions estudiades són les següents: instal·lació d’aigua calenta sanitària, instal·lació de climatització, xarxes de ventilació i instal·lació elèctrica. Els resultats del projecte són extrets dels valors calculats per a cada instal·lació on, posteriorment, és seleccionen els equips de producció i elements complementaris que s’adeqüin millor als requeriments de treball. Finalment, les conclusions del projecte esdevenen en la correcte selecció dels equips seguint uns arguments d’adequació del entorn de treball, plantejament de la solució i els seus avantatges i, la validació de la proposta de disseny</subfield>
   </datafield>
   <datafield tag="653" ind2=" " ind1=" ">
      <subfield code="a">Àrees temàtiques de la UPC::Edificació::Instal·lacions i acondicionament d'edificis</subfield>
   </datafield>
   <datafield tag="653" ind2=" " ind1=" ">
      <subfield code="a">Industrial buildings</subfield>
   </datafield>
   <datafield tag="653" ind2=" " ind1=" ">
      <subfield code="a">Installation of equipment</subfield>
   </datafield>
   <datafield tag="653" ind2=" " ind1=" ">
      <subfield code="a">Edificis industrials</subfield>
   </datafield>
   <datafield tag="653" ind2=" " ind1=" ">
      <subfield code="a">Instal·lació d'equips</subfield>
   </datafield>
   <datafield ind2="0" ind1="0" tag="245">
      <subfield code="a">Projecte d'instal·lacions per un edifici industrial de producció de vàlvules industrials</subfield>
   </datafield>
</record></metadata></record></GetRecord></OAI-PMH>